Любовь по-французски (Запись № 11694450)

Подробности
000 -МАРКЕР
контрольное поле 01724nam0a2200397 4500
001 - ИДЕНТИФИКАТОР ЗАПИСИ
контрольное поле RU\NLR\BIBL_A\012059211
005 - ИДЕНТИФИКАТОР ВЕРСИИ
контрольное поле 20190816142816.0
010 ## - МЕЖДУНАРОДНЫЙ СТАНДАРТНЫЙ НОМЕР КНИГИ (ISBN)
Номер (ISBN) 978-5-907211-09-4
Тираж 500
021 ## - НОМЕР ГОСУДАРСТВЕННОЙ РЕГИСТРАЦИИ
Код страны Российская Федерация
Номер КН-П-19-046702
Номер Листа государственной регистраци КН-П-19-3410
035 ## - ДРУГИЕ СИСТЕМНЫЕ НОМЕРА
Идентификатор записи (NLR Aleph) 012059211
035 ## - ДРУГИЕ СИСТЕМНЫЕ НОМЕРА
Идентификатор записи (RuMoRGB)010019241
100 ## - ДАННЫЕ ОБЩЕЙ ОБРАБОТКИ
Данные общей обработки 20190716d2019 u y0rusy50 ca
101 0# - ЯЗЫК РЕСУРСА
Язык текста, звукозаписи и т.д. русский
102 ## - СТРАНА ПУБЛИКАЦИИ ИЛИ ПРОИЗВОДСТВА
Страна публикации Российская Федерация
105 ## - ПОЛЕ КОДИРОВАННЫХ ДАННЫХ: ТЕКСТОВЫЕ МАТЕРИАЛЫ, МОНОГРАФИЧЕСКИЕ
Кодированные данные о монографическом текстовом документе c|||zzzz0||zd
200 1# - ЗАГЛАВИЕ И СВЕДЕНИЯ ОБ ОТВЕТСТВЕННОСТИ
Основное заглавие Любовь по-французски
Сведения, относящиеся к заглавию о чем умолчал Дюма
Первые сведения об ответственности Наталия Сотникова
210 ## - ПУБЛИКАЦИЯ, РАСПРОСТРАНЕНИЕ И ДР.
Место издания, распространения и т.д. Москва
Имя издателя, распространителя и т. д. Родина
Дата издания, распространения и т.д. 2019
215 ## - ФИЗИЧЕСКАЯ ХАРАКТЕРИСТИКА
Специфическое обозначение материала и объем 318, [1] с., [8] л. цв. портр.
Размеры 21
225 1# - СЕРИЯ
Основное заглавие серии Фаворитки и фавориты
320 ## - ПРИМЕЧАНИЯ О НАЛИЧИИ В ДОКУМЕНТЕ БИБЛИОГРАФИИ / УКАЗАТЕЛЯ
Текст примечания Библиогр.: с. 318
517 1# - ДРУГИЕ ВАРИАНТЫ ЗАГЛАВИЯ
Вариант заглавия О чем умолчал Дюма
600 #0 - ИМЯ ЛИЦА КАК ПРЕДМЕТ
Начальный элемент ввода Людовик
Дополнения к именам, кроме дат король французский
Римские цифры XIII
Даты 1601 - 1643
Системный номер авторитетной/нормативной записи 1559117
Идентификатор авторитетной/нормативной записи RU\NLR\AUTH\66681759
604 ## - ИМЯ И ЗАГЛАВИЕ КАК ПРЕДМЕТ
Связываемые данные 700#1$aДюма$bА.$gАлександр$f1802 - 1870
-- 500##$a"Три мушкетера"$2nlr_sh2$3RU\NLR\AUTH\661545143
Имя лица Дюма, Александр (1802 - 1870)
Заглавие "Три мушкетера"
Системный номер авторитетной/нормативной записи 2608585
Идентификатор авторитетной/нормативной записи RU\NLR\AUTH\661545143
607 ## - ГЕОГРАФИЧЕСКОЕ НАИМЕНОВАНИЕ КАК ПРЕДМЕТ
Географическое наименование Франция
Тематический подзаголовок История
Хронологический подзаголовок 17 в.
Системный номер авторитетной/нормативной записи 1020715
Идентификатор авторитетной/нормативной записи RU\NLR\AUTH\6672285
686 1# - ИНДЕКСЫ ДРУГИХ КЛАССИФИКАЦИЙ
Индекс Ш5(4Фр)52-4Дюма534
686 1# - ИНДЕКСЫ ДРУГИХ КЛАССИФИКАЦИЙ
Индекс Т3(4Фр)43-8
686 1# - ИНДЕКСЫ ДРУГИХ КЛАССИФИКАЦИЙ
Индекс Т3(4Фр)43,02
700 #1 - ИМЯ ЛИЦА - ПЕРВИЧНАЯ ОТВЕТСТВЕННОСТЬ
Начальный элемент ввода Сотникова
Часть имени, кроме начального элемента ввода Н. Н.
Расширение инициалов личного имени Наталия Николаевна
702 #1 - ИМЯ ЛИЦА - ВТОРИЧНАЯ ОТВЕТСТВЕННОСТЬ
Код отношения Прочие
Графика поля Кириллица
Материалы, к которым относится поле rus
Начальный элемент ввода Дюма
Часть имени, кроме начального элемента ввода А.
Дополнения к именам, кроме дат отец
Даты 1802-1870
Расширение инициалов личного имени Александр
Системный номер авторитетной/нормативной записи 116800
Идентификатор авторитетной/нормативной записи RU\NLR\AUTH\776853
942 ## - ДОПОЛНИТЕЛЬНЫЕ ЭЛЕМЕНТЫ ЗАПИСИ (АБИС)
Тип экземпляра АБИС Книга
980 ## - КОЛЛЕКЦИЯ
Название коллекции НБР
980 ## - КОЛЛЕКЦИЯ
Название коллекции Национальная библиография

Нет доступных экземпляров.